শিক্ষাবিজ্ঞান = Pedagogy: (Record no. 77200)
[ view plain ]
| 000 -LEADER | |
|---|---|
| fixed length control field | 01001nam a2200229 4500 |
| 001 - CONTROL NUMBER | |
| control field | 77200 |
| 003 - CONTROL NUMBER IDENTIFIER | |
| rucl marc code | BD-RjUL |
| 005 - DATE AND TIME OF LATEST TRANSACTION | |
| control field | 20211209082937.0 |
| 008 - FIXED-LENGTH DATA ELEMENTS--GENERAL INFORMATION | |
| fixed length control field | 200302s2016 a|||| |||| 00| 0 ben d |
| 020 ## - INTERNATIONAL STANDARD BOOK NUMBER | |
| International Standard Book Number | 9789843399465 |
| Terms of availability | : Taka 300.00 |
| 035 ## - SYSTEM CONTROL NUMBER | |
| System control number | (BD-RjUL)77424 |
| 040 ## - CATALOGING SOURCE | |
| Original cataloging agency | BD-RjUL |
| Language of cataloging | ben/eng |
| Transcribing agency | BD-RjUL |
| 041 ## - LANGUAGE CODE | |
| Language code of text/sound track or separate title | ben |
| 082 ## - DEWEY DECIMAL CLASSIFICATION NUMBER | |
| Edition number | 23 |
| Classification number | 370.1 |
| Author mark and year | NAS 2016 |
| 100 1# - MAIN ENTRY--PERSONAL NAME | |
| Personal name | নাজনীন, সুলতানা |
| 9 (RLIN) | 240239 |
| 245 10 - TITLE STATEMENT | |
| Title | শিক্ষাবিজ্ঞান = Pedagogy: |
| Remainder of title | (শিক্ষাবিজ্ঞানের প্রেক্ষাপটে আবশ্যকীয় বিষয়সমূহ) / |
| Statement of responsibility, etc. | সুলতানা নাজনীন |
| 260 ## - PUBLICATION, DISTRIBUTION, ETC. (IMPRINT) | |
| Place of publication, distribution, etc. | রাজশাহী: |
| Name of publisher, distributor, etc. | ফারহানা বিনতে সুফি, |
| Date of publication, distribution, etc. | ২০১৬ |
| 300 ## - PHYSICAL DESCRIPTION | |
| Pagination | [৮], ২৩৫ পৃ. : |
| Illustrations | চিত্র ; |
| Size | ২২ সেমি. |
| 650 ## - SUBJECT ADDED ENTRY--TOPICAL TERM | |
| Topical term or geographic name as entry element | শিক্ষা মনোবিজ্ঞান |
| 9 (RLIN) | 240246 |
| Topical term or geographic name as entry element | Educational Psychology |
| 9 (RLIN) | 240247 |
| 942 ## - ADDED ENTRY ELEMENTS (KOHA) | |
| Source of classification or shelving scheme | Dewey Decimal Classification |
| Koha item type | Books |
| Lost status | Source of classification or shelving scheme | Damaged status | Not for loan | Collection code | Permanent Location | Current Location | Shelving location | Date acquired | Source of acquisition | Cost, normal purchase price | Total Checkouts | Full call number | Date last seen | Copy number | Koha item type | Date checked out | Total Renewals |
|---|---|---|---|---|---|---|---|---|---|---|---|---|---|---|---|---|---|
| Dewey Decimal Classification | Not For Loan | Non-fiction | Central Library, University of Rajshahi | Central Library, University of Rajshahi | Reading Room | 27/02/2020 | The Author, Mental Health Clinic, R. U. | 240.00 | B 370.1 NAS 2016 | 02/03/2020 | C-1 | Books | |||||
| Dewey Decimal Classification | Non-fiction | Central Library, University of Rajshahi | Central Library, University of Rajshahi | 27/02/2020 | The Author, Mental Health Clinic, R. U. | 240.00 | 1 | B 370.1 NAS 2016 | 05/06/2024 | C-2 | Books | 04/06/2024 | |||||
| Dewey Decimal Classification | Non-fiction | Central Library, University of Rajshahi | Central Library, University of Rajshahi | 27/02/2020 | The Author, Mental Health Clinic, R. U. | 240.00 | B 370.1 NAS 2016 | 02/03/2020 | C-3 | Books | |||||||
| Dewey Decimal Classification | Non-fiction | Central Library, University of Rajshahi | Central Library, University of Rajshahi | 27/02/2020 | The Author, Mental Health Clinic, R. U. | 240.00 | 1 | B 370.1 NAS 2016 | 23/02/2022 | C-4 | Books | 10/02/2022 | |||||
| Dewey Decimal Classification | Non-fiction | Central Library, University of Rajshahi | Central Library, University of Rajshahi | 27/02/2020 | The Author, Mental Health Clinic, R. U. | 240.00 | 2 | B 370.1 NAS 2016 | 15/12/2022 | C-5 | Books | 28/11/2022 | 1 |